| 000 | 00504nam a2200169 a 4500 | ||
|---|---|---|---|
| 001 | 13090 | ||
| 005 | 20180713201429.0 | ||
| 008 | 140415s1995 mx 000 0 spa d | ||
| 041 | _aspa | ||
| 082 |
_a980 _bBOR |
||
| 100 | 1 | _aBORREGO E., SALVADOR | |
| 245 | 1 | 0 |
_aAMERICA PELIGRA : _b500 AÑOS DE AZAROSA HISTORIA |
| 250 | _a18ed. | ||
| 260 |
_aMEXICO : _bTIPOGRAFIAS EDITORIALES, _c1995 |
||
| 300 | _a573 | ||
| 650 | 1 | 4 |
_aAMERICA LATINA _xHISTORIA _xAMERICA _xDESCUBRIMIENTO Y EXPLORACIONES |
| 999 |
_c13090 _d13090 |
||